| 000 | 00717nam a2200229 a 4500 | ||
|---|---|---|---|
| 001 | 1532 | ||
| 003 | CDMR | ||
| 005 | 20131106140245.0 | ||
| 008 | 130130s1997||||||||||||||||||||||||||||d | ||
| 020 | _a848888284X | ||
| 040 |
_aCDMR _bcat _cCPC LLEIDA |
||
| 100 | 1 |
_aFigueres i Artigues, Josep Maria _913 |
|
| 245 | 1 | 0 |
_aHistòria de l'anticatalanisme _b: el diari ABC i els seus homes _cJosep M. Figueres ; pròleg de Joaquim Ferrer |
| 260 |
_aTarragona _c1997 _bEl Mèdol |
||
| 300 | _a156 p. | ||
| 490 | 0 |
_aFòrum (El Mèdol) _v15 |
|
| 610 | 2 |
_990 _aABC (Diari) |
|
| 650 | 0 | 4 |
_94090 _aPremsa i política _zEspanya |
| 650 | 0 | 4 |
_93379 _aNacionalisme _zCatalunya |
| 650 | 0 | 4 |
_93074 _aPeriodistes _vBiografia |
| 942 |
_cMON _2ddc |
||
| 999 |
_c1532 _d1532 |
||